00770 2200289 4500001002100000005001500021035002000036007000300056040001700059100003300076245005800109250001000167300003500177020001800212041000800230082000800238084001400246090001400260264003500274336002100309337003000330338002300360650002400383850001000407008004100417990002200458INLIS00000000001343620260415094214 a0010-0725000195ta aSBPUPADbind0 aSondang P SiagianePengarang1 aKerangka Dasar Ilmu Administrasi /cSondang P Siagian aCet.2 axiv, 283 hlm :bilus. ;c20 cm a979-518-336-2 bind a351 a351 SON k a351 SON k aJakarta :bRineka Cipta,c2001 2rdacontentaTeks 2rdamediaatanpa perantara 2rdacarrieravolume 4aAdministrasi Negara aPUPAD260415 0  a39.211/S/DPK/2025